000
00213nam a2200097Ia 4500
008
190216s9999||||xx |||||||||||||| ||und||
100
_a
Dr.Muhammed Sali P
245
0
_a
Muhammed Nabi
260
_b
Null
942
_c
BK
999
_c
22240
_d
22240